1252 1569 1145 1839 1378 1819 1395 1547 1534 1548 1152 1653 1764 1344 1228 1876 1503 1158 1647 1967 1309 1629 1477 1931 1497 1638 1395 1159 1523 1003 1672 1232 1323 1824 1388 1997 1574 1401 1802 1061 1811 1948 1991 1365 1610 1264 1248 1456 1887 1542 1069 1972 1163 1695 1706 1263 1456 1722 1317 1960 1456 1208 1721 1275 1945 1882 1356 1658 1227 1485 1108 1448 1959 1012 1257 1201 1196 1418 1073 1525 1511 1031 1260 1387 1041 1419 1619 1716 1037 1853 1700 1008 1463 1814 1120 1555 1745 1499 1275 BCNSPRNW ULIB Ver.6.0+V

เปลี่ยนเป็นภาษาไทย

Change to English
 แสดงรายละเอียดบรรณานุกรม
  กลับหน้าหลัก

Brief Record : Get Marc (ISO 2709) : E-mail record : QR code < ปิดหน้าต่าง
LEADER : 00000nas 2200000uu 4500
001    13399123153
003     ULIB
008    140409s||||||||th 000 0 tha d
022 0  22869514
245 00 วารสารวิชาการ สมาคมสถาบันอุดมศึกษาเอกชนแห่งประเทศไทย^nAPHEIT JOURNAL วิทยาศาสตร์และเทคโนโลยี
260    สมาคมสถาบันอุดมศึกษาเอกชนแห่งประเทศไทย
310    ^aรายเดือน
850    ^aปีที่ 2
945    ^p0^l0^i902157
999    ^aใช้งานได้ทุกระบบ
รายการนี้ยังไม่มีแท็ก
คุณยังไม่ได้ล็อกอิน คุณสามารถมีกิจกรรมร่วมกับเว็บไซต์ได้ แต่ต้องล็อกอินก่อน ::
  ล็อกอิน

รายการสื่อสารสนเทศ (วารสาร)

ดูแบบ: กล่อง รายการ
ARRIVED
ปีที่ 2
สถานที่: ห้องสมุดวิทยาเขตสวรรค์ประชารักษ์ >วารสาร

BibComment


ยังไม่เคยถูกคอมเมนท์

คอมเมนท์ทรัพยากรรายการนี้
  คอมเมนท์: วารสารวิชาการ สมา..


 Copyright 2026. Bcnsprnw @Library